000 00511nam a22001937a 4500
003 MPLRDC
005 20220104201050.0
008 210129b ||||| |||| 00| 0 eng d
020 _a978-7-229-06191-3
082 _a719.233 MWXD
100 _a美味兄弟会 等
245 _a美味百事通带你吃遍深圳
_c
250 _a初版一刷
260 _a中国
_b重庆出版社
_c2013
300 _b
520 _a上架 2017-04-01。
650 _a中国游记--广东
942 _cBK
_o719.233 MWXD
999 _c66992
_d66982